000 00541nam a2200193Ia 4500
003 GCL
008 140319s9999 xx 000 0 ara d
040 _aGCL /
_cGCL
082 0 4 _aط
_b235.1
_bا ص
100 1 _aابراهيم الابيارى
245 1 0 _aصحيح البخارى /
_cابراهيم الابيارى
260 _a[S.N] :
_bدار الكتاب المصرى ،
_c1990
300 _a32 ص
490 _a
650 0 4 _aالحديث
650 0 4 _aالاطفال
650 0 4 _aصحيح البخارى
942 _2ddc
_cBK
999 _c57172
_d57172